| 000 | 00887nam a2200289 a 4500 | ||
|---|---|---|---|
| 001 | 000109815 | ||
| 003 | CHAP | ||
| 005 | 20220329144105.0 | ||
| 008 | 140529s2013 mx a |rm |0|||||spa|d | ||
| 010 | _a106277 | ||
| 011 | _a107249 | ||
| 040 | _cCHAP | ||
| 090 | _aTesis | ||
| 100 | 1 |
_aCuevas García, Laura _9127123 |
|
| 245 | 1 | 0 |
_aIdentificación de pérdidas, géneros de hongos y micotoxinas en maíz almacenado en el Estado de Guerrero / _cpor Laura Cuevas García. |
| 260 |
_aCocula, Gro. : _bEl autor, _c2013. |
||
| 300 | _axx, 148 h. | ||
| 502 | _aTesis (Ing. Agr. Fitotecnista) -- CSAEGRO | ||
| 590 |
_aE792CSJ _b05 _c20140529 _lUCH01 _h1424 |
||
| 650 | 1 | 4 |
_aMaíz _xAlmacenamiento. _970853 |
| 650 | 1 | 4 |
_aMaíz _xEnfermedades por hongos. _970941 |
| 650 | 1 | 4 |
_aMaíz _zGuerrero. _971092 |
| 650 | 1 | 4 |
_aMicotoxinas. _975489 |
| 901 | _aBK | ||
| 942 | _cTESIS | ||
| 942 | _n0 | ||
| 999 |
_c106277 _d106277 |
||